Sports Quiz

Random Sports or Golf Quiz

All Innova approved disc golf discs Quiz Stats

 Plays Quiz not verified by Sporcle

Challenge
Share
Tweet
Embed
Score 0/113 Timer 15:00
0 Plays Today
% Correct
Aviar
90%
Aviar Driver
90%
Classic Aviar
90%
CE Aviar
90%
KC Aviar
90%
Yeti Aviar
90%
JK Aviar
90%
Roc
86.3%
San Marino Roc
86.3%
Rancho Roc
86.3%
Ontario Roc
86.3%
KC Roc
86.3%
Destroyer
83.8%
Boss
80%
Firebird
78.8%
Teebird
78.8%
CE Firebird
78.8%
Teebird+
78.8%
CE Teebird
78.8%
KC Teebird
78.8%
Leopard
75%
CE Leopard
75%
Wraith
73.8%
Beast
72.5%
Orc
68.8%
Shark
66.3%
Ape
63.8%
Sidewinder
63.8%
Eagle
60%
Katana
60%
CE Eagle
60%
Birdie
58.8%
Groove
56.3%
CE Valkyrie
56.3%
Valkyrie
56.3%
Mako
55%
Cobra
53.8%
Roadrunner
53.8%
% Correct
TL
53.8%
Teebird-L
53.8%
Cheetah
51.3%
KC Cheetah
51.3%
Gator
50%
Pig
48.8%
Dart
47.5%
Monster
47.5%
Stingray
46.3%
Aero
45%
Starfire
45%
Wolf
45%
XCaliber
45%
Rhyno
43.8%
TeeRex
42.5%
Thunderbird
42.5%
Vulcan
42.5%
Archangel
41.3%
Viking
41.3%
Banshee
40%
Cro
40%
Max
38.8%
Wahoo
38.8%
Archon
37.5%
Dragon
37.5%
Firebird-L
37.5%
Panther
37.5%
FL
37.5%
Gazelle
36.3%
Viper
36.3%
KC Gazelle
36.3%
Kite
35%
TeeDevil
35%
Monarch
33.8%
Hydra
32.5%
Whippet
32.5%
Spider
31.3%
CE Spider
31.3%
% Correct
Condor
28.8%
Coyote
28.8%
XD
28.8%
Starfire-L
26.3%
SL
26.3%
Sonic
25%
Wedge
25%
Skeeter
22.5%
Ace
18.8%
Classic Ace
18.8%
Classic Roc
17.5%
Roc+
15%
Bulldog
13.8%
Goblin
11.3%
Hammer
11.3%
Pegasus
11.3%
Zepher
11.3%
Gremlin
10%
Griffin
10%
Apple
8.8%
Jaguar
8.8%
Raven
8.8%
Scorpion
8.8%
Barracuda
7.5%
Puma
7.5%
Ram
7.5%
Dolphin
6.3%
Gopher
6.3%
Phenix
6.3%
Phenix
6.3%
Coupe
5%
Python
5%
Lynx
3.8%
Moray
3.8%
Piranha
3.8%
Pulsar
3.8%
Super Nova
1.3%

You're not logged in!

Compare scores with friends on all Sporcle quizzes.
Join for Free
OR
Log In

You Might Also Like...

Show Comments

Extras

Created Sep 17, 2011ReportFavoriteNominate
Tags:Golf Quiz, approved, disc

Top Quizzes Today


Score Distribution

Your Account Isn't Verified!

In order to create a playlist on Sporcle, you need to verify the email address you used during registration. Go to your Sporcle Settings to finish the process.

Report this User

Report this user for behavior that violates our Community Guidelines.

Details: